000 01103nam a2200229Ia 4500
001 L371-24914
003 IT-CnALBA
008 170116s9999||||xx |||||||||||||| ||und||
040 _aIT-CnALBA
_cIT-CnALBA
041 _aFRANCESE
100 _aSIMON TH., ABBÈ
245 0 _aL'ART D'ELEVER LES ENFANTS EN 35 CONFERENCES SUR L'EDUCATION PHYSIQUE, INTELLECTUELLE ET MORALE DES ENFANTS.
250 _a2a ed.
260 _a PARIS
_bBEAUCHESNE GABR. E F. EDIT.
_c1925 [1° Ed.: n.d.]
300 _a352 p. (prefazione: 8)
500 _aEDUCAZIONE IN FAMIGLIA. LA RELIGIONE. BASE DI OGNI EDUCAZIONE. EDUCAZIONE FISICA, INTELLETTUALE, RELIGIOSA, MORALE. L'ENTUSIASMO. LA CHANTAL E L'EDUCAZIONE DEI SUOI FIGLI.
501 _aSocietà San Paolo EM - Piazza San Paolo, 14 - 12051 ALBA (CN) (non commercial uses only) ® Copyright 2017
520 _aEDUCAZIONE IN FAMIGLIA. LA RELIGIONE. BASE DI OGNI EDUCAZIONE. EDUCAZIONE FISICA, INTELLETTUALE, RELIGIOSA, MORALE. L'ENTUSIASMO. LA CHANTAL E L'EDUCAZIONE DEI SUOI FIGLI.
650 _aISTRUZIONE - EDUCAZIONE
942 _cBK
957 _71
999 _a29690
_bSI
_g Copie: 1
_c284017
_d284017